000
00231nam a2200097Ia 4500
008
240331s9999 xx 000 0 und d
082
_a
300.72
_b
DHA
100
_a
Gatare Dhammapala Himi
245
0
_a
Paryeshana kramabviddyawa
942
_c
L
999
_c
992
_d
992